000 00502nam a2200181Ia 4500
001 11478
005 20260306162831.0
008 260306t2007||||xx |||||||||||||| ||spa||
041 _aESP
082 _a985.06
_bR79
100 _aRoland, Marión
_eAUT
245 0 _aCrónicas de un pueblo y de un hombre:
_bAmbo y Francisco Javier Rolando en la guerra del pacífico 1879-1883
260 _c2007
300 _a116 páginas :
_c21 cm.
650 _aGEN
654 _aCHU
942 _cLIB
_dJUS
_fJUS
_2ddc
_n
999 _c11478
_d11478